| 000 | 00713nam a2200217 a 4500 | ||
|---|---|---|---|
| 005 | 20240925064809.0 | ||
| 008 | 991125s1956 bue 000 0 spa u | ||
| 035 | _aUPN01000029267 | ||
| 049 | _aCG | ||
| 050 | 4 |
_aHC240 _bZ3.38 |
|
| 100 | 1 | _aZauberman, Alfred | |
| 245 | 1 | 0 |
_aImperialismo económico : _bla lección del Este de Europa / _cAlfred Zauberman ; tr. de J. Rovira Armengol. |
| 260 |
_aBuenos Aires : _bAgora, _c1956. |
||
| 300 | _a61 p. | ||
| 440 | 0 |
_aTemas actuales ; _v9 |
|
| 501 | _aCon: Cooperación económica : contraste de métodos / B.J.P. Woods... | ||
| 650 | 4 |
_aImperialismo _99887 |
|
| 650 | 2 |
_aPolítica económica _91147 |
|
| 651 | 4 |
_aEUROPA - _xCONDICIONES ECONOMICAS |
|
| 905 | _aLibro | ||
| 999 |
_c29267 _d29267 |
||